000
00300nam a22001097a 4500
008
170118b xxu||||| |||| 00| 0 eng d
020
_a
9780833090164
041
_a
eng
080
_a
618.2
245
_a
AVALUATION OF THE OPERATIONAL STRESS CONTROL AND READINESS PROGRAM
_c
VAUGHAN, CH.A
942
_2
udc
_c
BK
999
_c
3053
_d
3053